| Tag |
First Indicator |
Second Indicator |
Subfields |
| LEADER |
00000cam a2200000Ia 4500 |
| 001 |
in00002125478 |
| 005 |
20151103062128.0 |
| 008 |
040108s2004 enk 000 0 eng d |
| 015 |
|
|
|a GBA4Y5731
|2 bnb
|
| 016 |
7 |
|
|a 009048797
|2 Uk
|
| 019 |
|
|
|a 59342505
|
| 020 |
|
|
|a 0091894603
|
| 020 |
|
|
|a 9780091894603
|
| 029 |
1 |
|
|a NLGGC
|b 262351498
|
| 035 |
|
|
|a (OCoLC)ocm55609316
|
| 040 |
|
|
|a IEKBA
|c IEKBA
|d CPV
|d OCL
|d UKM
|d TXA
|d UtOrBLW
|
| 049 |
|
|
|a TXAM
|
| 082 |
0 |
4 |
|a 158.1
|2 22
|
| 082 |
0 |
4 |
|a 155.25
|2 22
|
| 090 |
|
|
|a BF441
|b .B66 2004
|
| 100 |
1 |
|
|a De Bono, Edward,
|d 1933-
|
| 245 |
1 |
0 |
|a How to have a beautiful mind /
|c Edward de Bono.
|
| 264 |
|
1 |
|a London :
|b Vermillion,
|c 2004.
|
| 300 |
|
|
|a 232 pages ;
|c 22 cm.
|
| 336 |
|
|
|a text
|b txt
|2 rdacontent
|
| 337 |
|
|
|a unmediated
|b n
|2 rdamedia
|
| 338 |
|
|
|a volume
|b nc
|2 rdacarrier
|
| 650 |
|
0 |
|a Thought and thinking.
|
| 650 |
|
0 |
|a Personality.
|
| 948 |
|
|
|a cataloged
|b h
|c 2006/7/28
|d c
|e ceaton
|f 12:00:11 pm
|
| 994 |
|
|
|a C0
|b TXA
|
| 999 |
|
|
|a MARS
|
| 999 |
f |
f |
|s 5e55310e-82be-38d9-9b84-10c6866d02fa
|i 3839e6c4-6cb2-3bee-b46e-2c90471f6de3
|t 0
|
| 952 |
f |
f |
|p normal
|a Texas A&M University
|b College Station
|c Sterling C. Evans Library
|d Evans: Library Stacks
|t 0
|e BF441 .B66 2004
|h Library of Congress classification
|i unmediated -- volume
|m A14834573430
|
| 998 |
f |
f |
|a BF441 .B66 2004
|t 0
|l Evans: Library Stacks
|